000 00469nmm a2200145Ia 4500
008 251105s9999||||xx |||||||||||||||||und||
041 _aspa
100 _aOchoa Vivanco, Juan Pablo
245 0 _aCovid19: Problema Cósmico :
_b Una visión metafísica de nuestra existencia
264 _a[Madrid, España] :
_bMedinaliber Hispánica,
_c2020
300 _a0 páginas
650 _aSociology
856 _uhttps://public.digitaliapublishing.com/a/100313
942 _cCF
999 _c106686
_d106686